Optimization algorithms for networks and graphs
Na minha lista:
| Autor principal: | |
|---|---|
| Formato: | Livro |
| Idioma: | inglês |
| Publicado em: |
Nueva York
Marcel Dekker
1978
|
| Colecção: | Industrial Engineering, 1
|
| Assuntos: | |
| Tags: |
Adicionar Tag
Sem tags, seja o primeiro a adicionar uma tag!
|
MARC
| LEADER | 00000nam a2200000 a 4500 | ||
|---|---|---|---|
| 001 | UCP0856 | ||
| 003 | CL-VaPUC | ||
| 008 | 990319e19780000US |||||||||||||||||eng|d | ||
| 082 | 0 | 4 | |a 519.7 |b MIN |2 21 |
| 100 | |a Minieka, Edward |e autor |9 426458 | ||
| 245 | 1 | 0 | |a Optimization algorithms for networks and graphs |
| 300 | |a 356 p | ||
| 942 | |c BK | ||
| 945 | |d 19990319 00:00:00 |a crobeson | ||
| 260 | |a Nueva York |b Marcel Dekker |c 1978 | ||
| 650 | 0 | |a Programación |9 259316 | |
| 650 | 0 | |a Teoría de grafos |9 269886 | |
| 650 | 0 | |a Análisis de redes |9 260875 | |
| 650 | 0 | |a Algoritmos |9 260639 | |
| 583 | |a last modification |c 19990319 00:00:00 |k Rodrigo Vera | ||
| 490 | 0 | |a Industrial Engineering, 1 | |
| 999 | |c 279595 |d 279593 | ||
| 952 | |0 0 |1 0 |4 0 |6 519_700000000000000_MIN_1978 |7 0 |8 A |9 319170 |a BIBMAT |b BIBMAT |d 2019-11-20 |i 1333232 |o 519.7 MIN 1978 |p 1333232 |r 2025-01-07 |w 2019-11-20 |y BK |k MAT | ||